000 00318nam a2200133Ia 4500
008 230917s9999||||xx |||||||||||||| ||und||
040 _e205328
_aMAIN
041 _aEnglish
082 _a155.5 P194A
100 _aPankaj
245 0 _aAssessment and management of adolescent anger
300 _a169 p.
942 _cTH
999 _c125676
_d125676